| 000 | 00989nas a2200337 4500 | ||
|---|---|---|---|
| 001 | BR2012008730 | ||
| 003 | BR-BrBNA | ||
| 005 | 20231205121433.0 | ||
| 007 | ta | ||
| 008 | 230509b bl.|||p| |||| 00| 00por d | ||
| 040 |
_aBR-BrBNA _bpor _cBiblioteca Nacional de Agricultura |
||
| 041 | _a(En) | ||
| 072 | _aF30; H60 | ||
| 100 | 1 | _aAlbrecht, L.P. | |
| 100 | 1 | _aBarbosa, A.P. | |
| 100 | 1 | _aSilva, A.F.M. | |
| 100 | 1 | _aMendes, M.A. | |
| 100 | 1 | _aAlbrecht, A.J.P. | |
| 100 | 1 | _aÁvila, M.R. | |
| 245 | 1 | _aRR soybean seed quality after application of glyphosate in different stages of crop development | |
| 650 | _aSOJA | ||
| 650 | _aGLYCINE MAX | ||
| 650 | _aHERBICIDA | ||
| 650 | _aSEMENTE | ||
| 650 | _aGERMINAÇÃO | ||
| 650 | _aFENOLOGIA | ||
| 650 | _aREPRODUÇÃO VEGETAL | ||
| 773 | 0 |
_tRevista Brasileira de Sementes (Brazil) _xISSN 0101-3122 _g(Sep 2012), v. 34(3) p. 373-381 _wBR2012008730 |
|
| 909 |
_a202311 _bLúcia _c55 _dLúcia Elande |
||
| 942 |
_2AGRIS _n0 _cANA |
||
| 999 |
_c223574 _d223574 |
||